00721njm a2200241uu 4500001000800000005001700008007000900025008004100034024001800075035001200093040001300105041000800118082000800126100004400134245012500178260003300303300000900336650002600345650000900371650002700380700004100407700003100448145216020260508090632.0sd||||g|161005s2010 spa 00a9788498481938 a1452160 ccomduadb aspa 4a46310aÁlvarez Piñeiro, Mercedes4auteaut10aPruebas de nivel: test y exámenes para diagnosticar el nivel de conocimiento de los alumnos: materiales en formato pdf aMadrid :bEdinumen,c©2010. a1 Cd aEstudio y enseñanza aTest aRecursos audiovisuales10aGonzález Verdejo, Noelia4auteaut10aNauta, Jan Peter4auteaut